[Event "33rd Arco Open"]
[Site "Arco ITA"]
[Date "2011.10.26"]
[Round "5"]
[White "Ebeling,J"]
[Black "Del Nevo,C"]
[Result "1/2-1/2"]
[WhiteElo "2019"]
[BlackElo "1831"]

1.e4 d6 2.d4 Nf6 3.Nc3 c6 4.f4 g6 5.Nf3 Bg7 6.Bd3 O-O 7.O-O b6 8.f5 Ba6 9.fxg6 hxg6
10.Ng5 Bxd3 11.Qxd3 Qd7 12.Bd2 c5 13.d5 Nh5 14.Rf3 Bd4+ 15.Kh1 Qg4 16.h3 Qc8
17.g4 Nf6 18.e5 Bxe5 19.Raf1 Qa6 20.Qe3 Qc4 21.b3 Qd4 22.Qe1 Kg7 23.Rd3 Qb4
24.a4 c4 25.Nce4 Qa3 26.Rdf3  1/2-1/2

[Event "26th Le Touquet Open"]
[Site "Le Touquet FRA"]
[Date "2011.10.26"]
[Round "7.13"]
[White "Marzolf,B"]
[Black "Lesot,J"]
[Result "1/2-1/2"]
[WhiteElo "2267"]
[BlackElo "2069"]

1.e4 d6 2.d4 Nf6 3.Nc3 e5 4.Nf3 Nbd7 5.Bc4 Be7 6.O-O O-O 7.Re1 c6 8.a4 b6
9.h3 a6 10.Ba2 Rb8 11.Bg5 Qc7 12.Qd2 Re8 13.Bh4 exd4 14.Nxd4 Ne5 15.f4 Ng6
16.Bg3 Nh5 17.Bh2 Bh4 18.Re2 Bg3 19.Rf1 b5 20.axb5 axb5 21.b4 Ra8 22.Bb3 Ra3
23.Kh1 Nh4 24.Ncxb5 cxb5 25.Nxb5 Qc6 26.Nxa3 Bxh3 27.gxh3 Rxe4 28.Rxe4 Qxe4+
29.Kg1 Nf3+ 30.Rxf3 Qxf3 31.Nb5 Nxf4 32.Bxg3 Qxg3+ 33.Kf1 Qf3+ 34.Qf2 Qh1+
35.Qg1  1/2-1/2

[Event "26th Le Touquet Open"]
[Site "Le Touquet FRA"]
[Date "2011.10.26"]
[Round "7.9"]
[White "Tillet,L"]
[Black "Joie,S"]
[Result "1/2-1/2"]
[WhiteElo "2227"]
[BlackElo "2247"]

1.d4 d6 2.e4 Nf6 3.Nc3 e5 4.Nf3 Nbd7 5.Bc4 Be7 6.O-O O-O 7.a4 c6 8.Re1 b6
9.h3 a6 10.Ba2 Rb8 11.Bg5 Qc7 12.b4 Re8 13.Qd3 exd4 14.Qxd4 Ne5 15.Nd2 h6
16.Bf4 Nh5 17.Bh2 Bf6 18.Qe3 Ng6 19.Nc4 Nhf4 20.Qd2  1/2-1/2

[Event "1st Central Asia Cup"]
[Site "Tashkent UZB"]
[Date "2011.10.26"]
[Round "9.20"]
[White "Artemenko,O"]
[Black "Khouseinov,R"]
[Result "1/2-1/2"]
[WhiteElo "2327"]
[BlackElo "2299"]

1.e4 d6 2.d4 Nf6 3.Nc3 e5 4.Nf3 Nbd7 5.Bc4 Be7 6.O-O O-O 7.Re1 c6 8.a4 h6
9.b3 Re8 10.Bb2 Qc7 11.h3 b6 12.Qd2 Bb7 13.Rad1 a6 14.d5 b5 15.dxc6 bxc4
16.cxb7 Qxb7 17.Ba3 cxb3 18.Rb1 b2 19.Rxb2 Qc6 20.Qe3 Rac8 21.Rb3 Bd8 22.Rd1 Bb6
23.Qe2 Bc5 24.Bxc5 Nxc5 25.Rb4 a5 26.Rc4 Rb8 27.Nh4 Rb4 28.Nf5 Rxc4 29.Qxc4 Nfxe4
30.Nb5 d5 31.Rxd5 Qf6 32.Nbd6 Nxd6 33.Nxd6 Rb8 34.Qxc5 Rb1+ 35.Kh2 Qf4+ 36.g3 Qc1
37.Qc8+ Kh7 38.Qf5+ Kg8 39.Qxf7+ Kh7 40.Qf5+ Kg8 41.Qe6+ Kh7 42.Qf5+ Kg8
43.Rd1 Qxd1 44.Qf7+ Kh8 45.Qf8+ Kh7 46.Qf5+  1/2-1/2

[Event "6th Kavalier Open"]
[Site "Vienna AUT"]
[Date "2011.10.26"]
[Round "3"]
[White "Vrtiakova,Anna"]
[Black "Sauper,D"]
[Result "1-0"]
[WhiteElo "1540"]
[BlackElo "1926"]

1.e4 d6 2.d4 Nf6 3.Nc3 c6 4.Be2 Qa5 5.Bd2 Qb6 6.Nf3 Qxb2 7.O-O Qb6 8.e5 dxe5
9.dxe5 Nd5 10.Nxd5 cxd5 11.Be3 Qd8 12.Bb5+ Nc6 13.Nd4 Qc7 14.f4 Bd7 15.e6 Bxe6
16.Nxe6 fxe6 17.f5 Qe5 18.Bd4 Qe4 19.fxe6 Qxe6 20.Qh5+ Kd8 21.Rae1 Qd6 22.Bxc6 bxc6
23.Rf7 g6 24.Qf3 Rg8 25.Rxf8+ Kd7 26.Rxa8 Rxa8 27.Qh3+ Kd8 28.Qxh7 Rc8 29.Qh8+ Kd7
30.Qe5 c5 31.Qxd6+ Kxd6 32.Be5+ Kc6 33.h4 d4 34.g4 Kd5 35.Bf4 Rh8 36.Bg5 e5
37.Kg2 e4 38.Kg3 c4 39.Rd1 d3 40.cxd3 exd3 41.Bf6 Re8 42.Bc3 Re2 43.Rd2 Re6
44.h5 g5 45.Rf2 Ke4 46.Rf1 Ra6 47.Re1+ Kd5 48.Re5+ Kd6 49.Ra5 Rb6 50.Rxg5 Rb2
51.h6 d2 52.Bxd2 Rxd2 53.h7 Rd3+ 54.Kh4 Rd1 55.Rh5 c3 56.h8=Q c2 57.Qf6+  1-0

[Event "33rd Arco Open"]
[Site "Arco ITA"]
[Date "2011.10.28"]
[Round "7"]
[White "Niccoli,P"]
[Black "Ziltener,W"]
[Result "1-0"]
[WhiteElo "1943"]
[BlackElo "2081"]

1.e4 d6 2.d4 Nf6 3.Nc3 c6 4.f4 Qa5 5.Bd3 e5 6.Nf3 Bg4 7.Be3 Nbd7 8.O-O Be7
9.h3 Bxf3 10.Qxf3 h5 11.Ne2 h4 12.c4 c5 13.fxe5 dxe5 14.d5 Qc7 15.a3 a6 16.Bd2 Nb6
17.Ba5 Qd6 18.Kh1 Nc8 19.b4 b6 20.bxc5 bxc5 21.Rab1 Rb8 22.Rxb8 Qxb8 23.Rb1 Qa7
24.Qf5 Nd7 25.Bc3 Nd6 26.Qg4 Bf6 27.Bc2 Ke7 28.Bd3 Rb8 29.Rf1 Rb3 30.a4 Qb8
31.Bc2 Rb7 32.Bd3 Qh8 33.Bd2 Rb3 34.Nc1 Rb2 35.Bg5 Qh7 36.Ne2 Rb3 37.Rd1 Qh8
38.a5 Ra3 39.Be3 Rxa5 40.Rb1 Ra4 41.Qf3 Qd8 42.Qf2 Qa5 43.Nc1 Ra1 44.Nb3 Rxb1+
45.Bxb1 Qc3 46.Nxc5 Nxc5 47.Bxc5 Qc1+ 48.Qg1 Qxc4 49.Kh2 Qb5 50.Ba3 Kd7 51.Bd3 Qb7
52.Qc5 Be7 53.Qa5 Nb5 54.Bb2 Bd6 55.Be2 Ke7 56.Qd2 f6 57.Bg4 Nd4 58.Qc3 Qc7
59.Qd3 Qb7 60.Ba3 Qb5 61.Bxd6+ Kxd6 62.Qa3+ Kc7 63.Qe7+ Kb6 64.d6 Qf1 65.Qc7+ Kb5
66.Bd7+ Kb4 67.Qb6+ Ka3 68.Qa5+ Kb2 69.Qd2+ Ka3 70.Bg4 Qf4+ 71.Qxf4 exf4
72.d7 Nc6 73.Kg1 a5 74.Kf2 a4 75.Kf3 Kb2 76.Kxf4 Nd8 77.e5 fxe5+ 78.Kxe5 a3
79.Be6 Nxe6 80.Kxe6  1-0

[Event "33rd Arco Open"]
[Site "Arco ITA"]
[Date "2011.10.28"]
[Round "7"]
[White "Bacchelli,A"]
[Black "Del Nevo,C"]
[Result "0-1"]
[WhiteElo "1789"]
[BlackElo "1831"]

1.e4 d6 2.d4 Nf6 3.Nc3 c6 4.Bg5 Nbd7 5.f4 g6 6.Nf3 Qa5 7.Qd2 Bg7 8.Be2 b5
9.O-O b4 10.Nd1 Nxe4 11.Qe3 Ndf6 12.Nf2 Nxf2 13.Bxf6 Bxf6 14.Rxf2 O-O 15.Bc4 d5
16.Bb3 Qb6 17.h3 a5 18.c3 Ba6 19.g4 Rae8 20.f5 e5 21.Qh6 Bg7 22.Qh4 Qd8 23.g5 e4
24.f6 exf3 25.fxg7 Kxg7 26.Qh6+ Kh8 27.Rxf3 f6 28.Bc2 f5 29.Kf2 Qe7 30.Ba4 Qe2+
31.Kg3 f4+ 32.Rxf4  0-1

[Event "33rd Arco Open"]
[Site "Arco ITA"]
[Date "2011.10.28"]
[Round "7"]
[White "Aigner,Geo"]
[Black "Cavatorta,F"]
[Result "0-1"]
[WhiteElo "1988"]
[BlackElo "1905"]

1.e4 d6 2.d4 Nf6 3.Nc3 Nbd7 4.Nf3 e5 5.Be2 Be7 6.O-O h6 7.h3 c6 8.Be3 Qc7
9.a4 Nf8 10.Nh2 g5 11.Ng4 Bxg4 12.hxg4 Ne6 13.g3 exd4 14.Bxd4 Nxd4 15.Qxd4 Qb6
16.Qd2 a5 17.Kg2 Nd7 18.Rh1 Bf6 19.Rad1 Qxb2 20.Qxd6 O-O-O 21.Nb1 Nb6 22.Qc5 Rxd1
23.Rxd1 Rd8 24.Rxd8+ Bxd8 25.Nc3 Nd7 26.Qc4 Qb4 27.Nd1 Ne5 28.Qxb4 axb4 29.Ne3 Kc7
30.Nf5 c5 31.Nxh6 c4 32.f4 b3 33.Nxf7 bxc2 34.Nxe5 gxf4 35.Bxc4 c1=Q 36.Bd5 Qb2+
37.Kf3 Qxe5 38.gxf4 Qc3+ 39.Kg2 Qd2+ 40.Kf3 Bh4 41.g5 Qf2+ 42.Kg4 Qg3+ 43.Kf5 Qh3+
44.Kg6 Qg4 45.Kh7 Bxg5 46.fxg5 Qxg5 47.Kh8 Qe5+ 48.Kh7 Qd4 49.Kg6 Qxa4 50.Kf6  0-1

[Event "12th Liberec Open"]
[Site "Liberec CZE"]
[Date "2011.10.28"]
[Round "7"]
[White "Johannsdottir,J"]
[Black "Brauer,C"]
[Result "1-0"]
[WhiteElo "1803"]
[BlackElo "2115"]

1.e4 d6 2.d4 Nf6 3.Nc3 Nbd7 4.Nf3 e5 5.Bc4 Be7 6.O-O O-O 7.Re1 c6 8.a4 Qc7
9.Bb3 h6 10.Nh4 Re8 11.Nf5 Bf8 12.Qf3 exd4 13.Nxd4 Ne5 14.Qg3 Kh7 15.h3 a6
16.Kh1 c5 17.Nf5 c4 18.Ba2 Nxe4 19.Rxe4 Bxf5 20.Rh4 Qc6 21.Be3 b5 22.Rd1 Bxc2
23.Nd5 Bxd1 24.Rxh6+  1-0

[Event "8th Lippe Cup"]
[Site "Lieme GER"]
[Date "2011.10.28"]
[Round "1.4"]
[White "Kind,B"]
[Black "Szobries,H"]
[Result "1-0"]
[WhiteElo "2222"]
[BlackElo "1958"]

1.e4 d6 2.d4 Nf6 3.Nc3 e5 4.Nf3 Nbd7 5.Bc4 Be7 6.O-O O-O 7.Qe2 exd4 8.Nxd4 Ne5
9.Bb3 c5 10.Nf3 Bg4 11.Bf4 Nxf3+ 12.gxf3 Be6 13.Rfd1 Nh5 14.Bg3 Rc8 15.Bd5 Bh3
16.Qd2 Bg5 17.f4 Bh6 18.Bc4 Be6 19.Be2 Nxg3 20.hxg3 g6 21.Qxd6 Bg7 22.Qxd8 Rfxd8
23.e5 Bf5 24.Bd3 Bg4 25.Re1 a6 26.Be4 b5 27.Nd5 Kf8 28.f3 Be6 29.Rad1 c4
30.c3 Ke8 31.Rd2 Rd7 32.Red1 Kf8 33.Nb6 Rxd2 34.Rxd2 Rc7 35.Kf2 Ke8 36.Ke2 Bf8
37.Nd5 Bxd5 38.Bxd5 Bc5 39.g4 h6 40.Rd1 Kf8 41.f5 gxf5 42.gxf5 Re7 43.f4 f6
44.Be6 Rg7 45.Kf3 h5 46.exf6  1-0

[Event "33rd Arco Open"]
[Site "Arco ITA"]
[Date "2011.10.29"]
[Round "8"]
[White "Mastroddi,E"]
[Black "Hilbenz,G"]
[Result "1-0"]
[WhiteElo "2097"]
[BlackElo "1924"]

1.d4 d6 2.e4 Nf6 3.Nc3 e5 4.Nf3 exd4 5.Nxd4 Be7 6.g3 O-O 7.Bg2 Nc6 8.h3 Nxd4
9.Qxd4 c6 10.Be3 Qa5 11.O-O Be6 12.Qd2 Rfe8 13.Rad1 Rad8 14.a3 Qc7 15.Qe2 b5
16.b3 a5 17.f4 b4 18.axb4 axb4 19.Na4 c5 20.g4 Bc8 21.g5 Nd7 22.Rd2 Bb7 23.Bf3 Qa5
24.Rfd1 Qa8 25.Kf2 Bf8 26.e5 Nxe5 27.fxe5 Rxe5 28.Bxb7 Qxb7 29.Qf3 Qe7 30.Bf4 Rf5
31.Rd5 Qe6 32.Rxf5 Qxf5 33.Rd3 d5 34.Bc7 Qxf3+ 35.Kxf3 Rc8 36.Bf4 c4 37.Rxd5 h6
38.Nb6 cxb3 39.Nxc8 bxc2 40.Rb5 hxg5 41.Bxg5  1-0

[Event "50th TCh-DEN XtraCon 2011-12"]
[Site "Denmark DEN"]
[Date "2011.10.29"]
[Round "1.2"]
[White "Kristiansen,Jen"]
[Black "Jaksland,T"]
[Result "1-0"]
[WhiteElo "2439"]
[BlackElo "2306"]

1.e4 d6 2.d4 Nf6 3.Nc3 e5 4.Nf3 Nbd7 5.Bc4 Be7 6.O-O O-O 7.Re1 c6 8.a4 b6
9.h3 a6 10.d5 c5 11.Bf1 Re8 12.Nd2 Rb8 13.Nc4 Bf8 14.g3 Qc7 15.Na3 g6 16.Be3 Bg7
17.Kh2 Rf8 18.Bd3 Kh8 19.Qe2 Ra8 20.Nc4 Ne8 21.g4 Qd8 22.Nd2 Qe7 23.Nf3 f6
24.Qd2 Nc7 25.Rg1 Rb8 26.Ne2 Bb7 27.Ng3 Rbe8 28.c3 Rb8 29.Rg2 Rf7 30.h4 Rg8
31.h5 Bf8 32.hxg6 hxg6 33.Rh1 Rh7+ 34.Kg1 Rxh1+ 35.Kxh1 Rg7 36.Kg1 Rh7 37.c4 a5
38.g5 Bg7 39.gxf6 Bxf6 40.Nf1 Nf8 41.N1h2 Bc8 42.b3 Ne8 43.Be2 Rh3 44.Qd1 Ng7
45.Nd2 Kh7 46.Bg4 Bxg4 47.Qxg4 Qd7 48.Qxd7 Nxd7 49.Rg3 Rxg3+ 50.fxg3 Kg8
51.Ng4 Nh5 52.Kg2 Kf7 53.Nf3 Nb8 54.Kh3 Na6 55.Ng5+ Bxg5 56.Bxg5 Ke8 57.Nf6+ Nxf6
58.Bxf6 Nb4 59.Kg4 Nc2 60.Kg5 Kf7 61.Bd8 Na1 62.Bxb6 Nxb3 63.Kh6 Kf6 64.g4 Kf7
65.g5 Nd2 66.Bxa5 Nxc4 67.Bc7 Nd2  1-0

[Event "Frauenbundesliga 2011-12"]
[Site "Germany GER"]
[Date "2011.10.29"]
[Round "1.6"]
[White "Krasnopeyeva, Julia"]
[Black "Delemarre, Isabel"]
[Result "0-1"]
[WhiteElo "1963"]
[BlackElo "2252"]

1.e4 d6 2.d4 Nf6 3.Nc3 c6 4.Be3 Qa5 5.Qd2 e5 6.Nf3 Bg4 7.Bd3 Be7 8.Ne2 Qc7
9.Ng3 Nbd7 10.c3 Bxf3 11.gxf3 g6 12.h4 h5 13.Bg5 O-O-O 14.f4 exd4 15.cxd4 Nb6
16.f3 Ng8 17.Bxe7 Nxe7 18.a4 Kb8 19.a5 Nd7 20.b4 c5 21.Rc1 Nc6 22.bxc5 dxc5
23.d5 Nd4 24.Qe3 Qxa5+ 25.Kf2 Nf6 26.Ra1 Qc7 27.Rhb1 Rhe8 28.Qd2 b6 29.Rb2 Re7
30.Ra3 Qd7 31.Qd1 Qh3 32.Qh1 Qxh1 33.Nxh1 Rc7 34.d6 Rcc8 35.e5 Nd5 36.Be4 Nb4
37.Ng3 a5 38.Ne2 Nb5 39.Ra1 Ka7 40.f5 Rg8 41.fxg6 fxg6 42.Nf4 Rce8 43.Nd3 Nxd6
44.Rxb4 cxb4 45.exd6 Rd8 46.Nxb4 Rxd6 47.Nc6+ Ka6 48.Ne7 Re8 49.Nd5 Rc8 50.Nf4 Rg8
51.Rg1 b5 52.Rxg6 Rdxg6 53.Nxg6 a4 54.Ke2 a3 55.Bb1 Rxg6  0-1

[Event "World Youth U16 Ol"]
[Site "Kocaeli TUR"]
[Date "2011.10.29"]
[Round "8.18"]
[White "Lee Kah Meng Elgin"]
[Black "Nadirashvili,S"]
[Result "1/2-1/2"]
[WhiteElo "1984"]
[BlackElo "2035"]

1.d4 d6 2.e4 Nf6 3.Nc3 e5 4.Nge2 c6 5.g3 Be7 6.Bg2 O-O 7.O-O b5 8.a3 Bb7
9.f4 Nbd7 10.h3 a5 11.Be3 b4 12.Nb1 Re8 13.Nd2 exd4 14.Nxd4 c5 15.Nf5 Bf8
16.Nc4 Bxe4 17.Nfxd6 Bxd6 18.Nxd6 Bxg2 19.Nxe8 Bxh3 20.Nxf6+ Qxf6 21.Qd5 Nb6
22.Qxc5 Na4 23.Qd5 Rc8 24.axb4 Qg6 25.Bf2 Nxb2 26.Rxa5 Bxf1 27.Kxf1 Qxc2
28.Ra8 h5 29.Rxc8+ Qxc8 30.Kg2 h4 31.b5  1/2-1/2

[Event "8th Lippe Cup"]
[Site "Lieme GER"]
[Date "2011.10.29"]
[Round "3.17"]
[White "Niediek,Cedric"]
[Black "Szobries,H"]
[Result "1/2-1/2"]
[WhiteElo "1854"]
[BlackElo "1958"]

1.e4 d6 2.d4 Nf6 3.Nc3 Nbd7 4.Nf3 e5 5.Bc4 Be7 6.O-O O-O 7.h3 c6 8.Be3 b5
9.Bd3 Bb7 10.Ne2 Qc7 11.c3 a6 12.Ng3 g6 13.Nh2 c5 14.d5 c4 15.Bc2 Rfe8 16.f4 exf4
17.Bxf4 Bf8 18.Qf3 Bg7 19.Ng4 Nxg4 20.Qxg4 Ne5 21.Bxe5 Rxe5 22.Rf2 Rae8 23.Raf1 R8e7
24.h4 Bc8 25.Qd1 h5 26.Qd2 Kh7 27.Qf4 Qb6 28.Kh2 Qd8 29.a3 Rb7 30.Bd1 Rbe7
31.Bc2 Qb6 32.Qd2 Bh6 33.Rxf7+ Rxf7 34.Rxf7+ Bg7 35.Qd4 Qd8 36.Qa7 Qxh4+
37.Kg1 Qxg3 38.Rxg7+ Kh6 39.Rg8 Qe1+ 40.Kh2 Qh4+ 41.Kg1 Qe1+  1/2-1/2

[Event "TCh-NED Meesterklasse 2011-12"]
[Site "Netherlands NED"]
[Date "2011.10.29"]
[Round "2.3"]
[White "Pruijssers,R"]
[Black "Bosch,Je"]
[Result "1-0"]
[WhiteElo "2475"]
[BlackElo "2406"]

1.e4 d6 2.d4 Nf6 3.Nc3 e5 4.Nf3 Nbd7 5.Bc4 Be7 6.O-O Nb6 7.Bd3 exd4 8.Nxd4 O-O
9.h3 Re8 10.Re1 c6 11.Bf4 Bf8 12.Bh2 g6 13.Bf1 Nbd7 14.Nb3 Qc7 15.Qd2 b5
16.a3 Bb7 17.Rad1 Ne5 18.f4 Nc4 19.Qc1 Rad8 20.Kh1 a6 21.e5 dxe5 22.Rxd8 Qxd8
23.fxe5 Nd7 24.Bxc4 bxc4 25.Nd2 Bh6 26.Qd1 Nxe5 27.Nde4 Qe7 28.Bxe5 Qxe5
29.Nf6+ Qxf6 30.Rxe8+ Kg7 31.Rb8 Qe7 32.Qd4+ f6 33.Qe4 Qc7 34.Qe8 Bf4 35.Qf8+  1-0

[Event "33rd Arco Open"]
[Site "Arco ITA"]
[Date "2011.10.30"]
[Round "9"]
[White "Cordioli,Luca"]
[Black "Roessner,U"]
[Result "1/2-1/2"]
[WhiteElo "1658"]
[BlackElo "1909"]

1.e4 d6 2.d4 Nf6 3.Nc3 e5 4.dxe5 dxe5 5.Qxd8+ Kxd8 6.Bg5 Be6 7.O-O-O+ Kc8
8.Nf3 Nbd7 9.Bd3 Ng4 10.Bh4 Bc5 11.Rhf1 f6 12.h3 Nh6 13.g4 c6 14.Nd2 b5 15.a3 a5
16.Ncb1 Nf7 17.f3 Kc7 18.Bf2 Be7 19.b3 Rhb8 20.Kb2 Nd8 21.c4 bxc4 22.Bxc4 Nc5
23.Bxe6 Ndxe6 24.Kc2 Rb7 25.Nc3 Ng5 26.Be3 Nce6 27.a4 h6 28.h4  1/2-1/2

[Event "33rd Arco Open"]
[Site "Arco ITA"]
[Date "2011.10.30"]
[Round "9"]
[White "Bacchelli,A"]
[Black "Thonig,M"]
[Result "0-1"]
[WhiteElo "1789"]
[BlackElo "1647"]

1.e4 d6 2.d4 Nf6 3.Nc3 c6 4.Bd3 Nbd7 5.h3 g6 6.Be3 Bg7 7.Qd2 h6 8.Nge2 a6
9.f4 b5 10.e5 dxe5 11.fxe5 Nd5 12.Nxd5 cxd5 13.O-O Nb6 14.Rf2 Nc4 15.Bxc4 bxc4
16.Raf1 Be6 17.Nf4 Qd7 18.c3 h5 19.h4 Bf5 20.b3 Rc8 21.bxc4 Rxc4 22.Ne2 e6
23.Ng3 Qc7 24.Rc1 a5 25.Nxf5 exf5 26.Qb2 O-O 27.Rfc2 Rb8 28.Qa1 Qa7 29.Bd2 Bxe5
30.Kf1 Bd6 31.a4 Qa6 32.Kg1 Qc6  0-1

[Event "33rd Arco Open"]
[Site "Arco ITA"]
[Date "2011.10.30"]
[Round "9"]
[White "Astengo,C"]
[Black "La Manna,A"]
[Result "1/2-1/2"]
[WhiteElo "2086"]
[BlackElo "2189"]

1.e4 d6 2.d4 Nf6 3.Nc3 c6 4.a4 e5 5.Nf3 Qc7 6.h3 a5 7.Bc4 Be7 8.O-O O-O 9.Re1 Nbd7
10.Ba2 h6  1/2-1/2

[Event "33rd Arco Open"]
[Site "Arco ITA"]
[Date "2011.10.30"]
[Round "9"]
[White "Zahn,Alina"]
[Black "Caldara,S"]
[Result "1-0"]
[WhiteElo "1640"]
[BlackElo "1800"]

1.e4 d6 2.d4 Nf6 3.Nc3 c6 4.Nf3 Bg4 5.Bd3 e5 6.Be3 Nbd7 7.Qd2 Be7 8.h3 Bh5
9.O-O-O b5 10.Ne2 Bg6 11.Ng3 h5 12.Bg5 Qb6 13.dxe5 dxe5 14.Nh4 O-O-O 15.Nhf5 Bc5
16.Rhf1 Bxf5 17.Nxf5 g6 18.Ng3 Be7 19.h4 c5 20.Qe2 c4 21.Bxc4 bxc4 22.Qxc4+ Bc5
23.Qxf7 Rhf8 24.Qxg6 Rg8 25.Qf5 Bd4 26.c3 Qc6 27.Kb1 Bc5 28.Nxh5 Nxe4 29.Bxd8 Rxd8
30.f3 Nd6 31.Qc2 Kc7 32.Ng7 Nc4 33.Qb3 Qg6+ 34.Ka1 Ne3 35.Ne6+ Kc8 36.a3 Nxf1
37.Nxd8 Kxd8 38.Rxf1 Qxg2 39.Qd1 Kc7 40.Re1 Nb6 41.Rxe5 Na4 42.Qxa4  1-0

[Event "US Chess League 2011"]
[Site "ICC INT"]
[Date "2011.10.31"]
[Round "10"]
[White "Liou,Y"]
[Black "Eckert,D"]
[Result "1-0"]
[WhiteElo "2283"]
[BlackElo "2246"]

1.e4 d6 2.d4 Nf6 3.Nc3 e5 4.Nf3 Nbd7 5.Bc4 Be7 6.O-O O-O 7.Re1 c6 8.a4 a5
9.b3 Qc7 10.Bb2 exd4 11.Nxd4 Ne5 12.Bf1 Bd7 13.Qd2 Rad8 14.Rad1 Rfe8 15.h3 Bc8
16.Qf4 Ng6 17.Qf3 Ne5 18.Qg3 Nh5 19.Qe3 Ng6 20.Qf3 Nhf4 21.Nce2 Nxe2+ 22.Nxe2 Be6
23.Nf4 Nxf4 24.Qxf4 Rd7 25.Qg3 Bf8 26.Bd3 Qb6 27.Re2 h6 28.Rde1 Qd8 29.f4 f6
30.Rf1 Kh8 31.Kh1 Bg8 32.e5 fxe5 33.fxe5 dxe5 34.Bxe5 Rde7 35.Bg6 Rxe5 36.Rxe5 Rxe5
37.Qxe5 Bd6 38.Rd1 Bd5 39.Qe8+ Qxe8 40.Bxe8 Be5 41.Bg6 Bf6 42.Re1  1-0

[Event "World Youth U16 Ol"]
[Site "Kocaeli TUR"]
[Date "2011.10.31"]
[Round "10.3"]
[White "Burduli,G"]
[Black "Iyti,B"]
[Result "0-1"]
[WhiteElo "1898"]
[BlackElo "2225"]

1.e4 d6 2.d4 Nf6 3.Nc3 Nbd7 4.f4 e5 5.Nf3 exd4 6.Qxd4 c6 7.a4 d5 8.exd5 Bc5
9.Qd3 O-O 10.Be2 Re8 11.Bd2 Ng4 12.Ng5 Ndf6 13.O-O-O cxd5 14.Bxg4 Bxg4 15.Rde1 Qd7
16.Re5 Rxe5 17.fxe5 Bf5 18.Qb5 d4 19.Qxd7 Nxd7 20.Nce4 Rc8 21.Rf1 Bg6 22.Nxc5 Nxc5
23.c3 Nd3+ 24.Kb1 Nxe5+ 25.Ka2 Nc4 26.Bf4 f6 27.Nf3 dxc3 28.bxc3 Nb6 29.Kb3 Bf7+
30.Kc2 Nxa4 31.Bd2 b5 32.Ra1 Bg6+ 33.Kb3 a5 34.Nd4 Nc5+ 35.Kb2 Ne4 36.Be1 Nd6
37.Kb3 Bf7+ 38.Kc2 a4 39.Bg3 Bg6+ 40.Kb2 a3+ 41.Kxa3 Ra8+  0-1

[Event "19th Skopje Open"]
[Site "Skopje MKD"]
[Date "2011.10.31"]
[Round "8"]
[White "Dinev,De"]
[Black "Pancevski,F"]
[Result "0-1"]
[WhiteElo "2398"]
[BlackElo "2441"]

1.d4 d6 2.e4 Nf6 3.Nc3 e5 4.Nf3 Nbd7 5.Bc4 Be7 6.O-O O-O 7.Re1 a6 8.a4 b6
9.Nd5 Bb7 10.c3 Nxd5 11.Bxd5 c6 12.Bb3 Bf6 13.Qd3 Qe7 14.Bd2 Rfe8 15.Rad1 Rad8
16.h3 h6 17.Nh2 exd4 18.cxd4 c5 19.Bd5 Bxd5 20.exd5 Qf8 21.Nf3 Ra8 22.Be3 Rec8
23.Qf5 Rc7 24.Qf4 Re8 25.Qg3 cxd4 26.Nxd4 Be5 27.f4 Bf6 28.Nc6 Bxb2 29.Qf2 Bc3
30.Rf1 Nc5 31.Bxc5 bxc5 32.Qc2 Bf6 33.Qc4 Ra8 34.Rb1 Rcc8 35.Rb6 Qe8 36.Kh2 Qe3
37.Rf3 Qd2 38.Rxa6 Rxa6 39.Qxa6 Re8 40.Qd3 Qa2 41.Qb3 Re2 42.Qxa2 Rxa2 43.a5 c4
44.Re3 c3 45.Re4 Bh4 46.Rc4 Be1 47.Nd8 c2 48.Rc8 Kh7 49.Ne6 fxe6 50.dxe6 Ra3
51.g4 Ra2 52.Kg1 Bh4 53.g5 Ra1+ 54.Kg2 c1=Q 55.Rxc1 Rxc1  0-1

[Event "Venetian Autumn Masters 2011"]
[Site "Venice ITA"]
[Date "2011.11.01"]
[Round "5.2"]
[White "Del Monaco,A"]
[Black "Solomon,K"]
[Result "0-1"]
[WhiteElo "2315"]
[BlackElo "2426"]

1.e4 d6 2.d4 Nf6 3.Nc3 e5 4.Nf3 Nbd7 5.Bc4 Be7 6.O-O O-O 7.Re1 a6 8.a4 b6
9.b3 Bb7 10.Bb2 c6 11.Bd3 Re8 12.Ne2 Bf8 13.Ng3 g6 14.Qd2 Qc7 15.a5 b5 16.b4 exd4
17.Bxd4 c5 18.Bb2 cxb4 19.Nd4 d5 20.exd5 Nxd5 21.Nh5 h6 22.Nf5 Kh7 23.Rxe8 Rxe8
24.Bg7 Bxg7 25.Nhxg7 Rb8 26.Nh5 Qc3 27.Qc1 Nc5 28.Nd6 Nxd3 29.cxd3 gxh5 30.Nxb7 b3
31.Qd1 b2 32.Rb1 Qc6 33.Rxb2 Qxb7 34.Qxh5 Re8 35.Re2 Rxe2 36.Qxe2 Nf4 37.Qg4 Qxg2+  0-1

[Event "II Latin American Cup"]
[Site "Montevideo URU"]
[Date "2011.11.03"]
[Round "4.35"]
[White "Bentancor,F"]
[Black "Izquierdo,S"]
[Result "1-0"]
[WhiteElo "2240"]
[BlackElo "2051"]

1.e4 d6 2.d4 Nf6 3.Nc3 e5 4.Nge2 c6 5.a4 b6 6.g3 Nbd7 7.Bg2 Be7 8.O-O Qc7
9.b3 a6 10.Ba3 c5 11.dxe5 dxe5 12.Nd5 Nxd5 13.exd5 Bd6 14.f4 O-O 15.c4 Rb8
16.Bb2 b5 17.Qc2 bxc4 18.bxc4 exf4 19.gxf4 Re8 20.Ra3 f6 21.Rg3 Kh8 22.Bc3 Nf8
23.Be4 Qe7 24.Bd3 Bf5 25.Bxf5 Qxe2 26.Bxh7 Nxh7 27.Qg6 Re7 28.Rh3 Qe4 29.f5 Kg8
30.Qxh7+ Kf8 31.Bxf6 Qg4+ 32.Kh1 Re2 33.Qh8+ Kf7 34.Qxg7+ Qxg7 35.Bxg7 Kxg7
36.Rg1+ Kf7 37.Rh7+ Kf8 38.Rh8+ Ke7 39.Rh7+ Ke8 40.Rg8+ Bf8 41.Rxf8+ Kxf8
42.Rh8+ Kf7 43.Rxb8 Rc2 44.d6 Rd2 45.Rb6 a5 46.Rc6 Kf6 47.d7+ Kxf5 48.Rxc5+ Ke6
49.Rd5 Rxd5 50.cxd5+ Kxd7 51.Kg2 Kd6 52.Kf3 Kxd5 53.Kf4 Kc4 54.h4 Kb4 55.h5 Kxa4
56.h6 Kb3 57.h7 a4 58.h8=Q a3 59.Qa1  1-0

[Event "25th Belgrade Trophy"]
[Site "Obrenovac SRB"]
[Date "2011.11.03"]
[Round "7.18"]
[White "Videnova,I"]
[Black "Tosic,M"]
[Result "1-0"]
[WhiteElo "2297"]
[BlackElo "2444"]

1.e4 c6 2.d4 d6 3.Nc3 Nf6 4.f4 g6 5.Nf3 Bg7 6.Bd3 O-O 7.h3 Na6 8.O-O Nb4
9.Be2 d5 10.e5 Ne4 11.Nxe4 dxe4 12.Ng5 f5 13.exf6 Bxf6 14.c3 Bxg5 15.fxg5 Nd5
16.Bc4 Qd6 17.Rxf8+ Kxf8 18.Qe1 Bf5 19.g4 Be6 20.Bf1 Kg8 21.Qxe4 Rf8 22.Bd2 Nb6
23.b3 Qg3+ 24.Qg2 Qd6 25.Qe2 Qg3+ 26.Bg2 Bd5 27.Be1 Qxg2+ 28.Qxg2 Bxg2 29.Kxg2 Kf7
30.c4 Ke8 31.Bg3 Nd7 32.Re1 Rf7 33.Bc7 Nf8 34.d5 Kd7 35.Bb8 a6 36.h4 e6 37.dxc6+ Kxc6
38.Be5 b5 39.Bf6 Rd7 40.cxb5+ axb5 41.Rc1+ Kb7 42.Rc2 Rd5 43.Re2 Nd7 44.Rxe6 Rd2+
45.Kf3 Rxa2 46.Re7 Kc6 47.Rxh7 Ra3 48.h5 Rxb3+ 49.Kg2 Rb4 50.Kf3 Nxf6 51.gxf6 g5
52.Rg7 Rf4+ 53.Kg3 b4 54.Rxg5 Rxf6 55.Rg8 Kc7 56.Re8 b3 57.Re1 b2 58.Rb1 Rb6
59.g5 Kd7 60.h6 Ke6 61.h7 Rb3+ 62.Kg4 Rb4+ 63.Kh5  1-0

[Event "1st Panama Open"]
[Site "Panama City PAN"]
[Date "2011.11.03"]
[Round "1.1"]
[White "Tiviakov,S"]
[Black "Hernandez Bermudez,Ulises"]
[Result "1-0"]
[WhiteElo "2650"]
[BlackElo "2066"]

1.e4 d6 2.d4 Nf6 3.Nc3 c6 4.f4 Qa5 5.Bd3 e5 6.Nf3 Nbd7 7.Be3 Be7 8.Qd2 O-O
9.O-O-O Re8 10.Kb1 Bf8 11.h3 Qc7 12.g4 b5 13.dxe5 dxe5 14.fxe5 Nxe5 15.Nxe5 Qxe5
16.Bf4 Qc5 17.e5 b4 18.Na4 Qa5 19.exf6 Qxa4 20.fxg7 Bxg7 21.Bh6 Be6 22.b3 Qa5
23.Bxg7 Kxg7 24.Rhf1 Qc5 25.Bf5 h6 26.Bxe6 Rxe6 27.Rf5 Qc3 28.Rxf7+ Kxf7
29.Qd7+ Kf8 30.Qxe6  1-0

[Event "18th European Teams w"]
[Site "Porto Carras GRE"]
[Date "2011.11.03"]
[Round "1.7.1"]
[White "Paehtz,E"]
[Black "Moser,E"]
[Result "1-0"]
[WhiteElo "2457"]
[BlackElo "2448"]

1.e4 d6 2.d4 Nf6 3.Nc3 e5 4.Nge2 Be7 5.g3 Bg4 6.Bg2 exd4 7.Qxd4 Nc6 8.Qd1 Qc8
9.h3 Bd7 10.Nf4 O-O 11.g4 h6 12.O-O Re8 13.b3 Ne5 14.Bb2 c6 15.Nce2 Qc7 16.Qd2 Rad8
17.Qc3 Bf8 18.Rad1 Bc8 19.Ng3 b5 20.Ngh5 Nxh5 21.Nxh5 b4 22.Qg3 Nd7 23.g5 hxg5
24.Qxg5 Re6 25.f4 Rg6 26.Qh4 Re8 27.f5 Rh6 28.Bc1 Rh7 29.Qg5 Qd8 30.Qxd8 Rxd8
31.Nf4 Re8 32.a3 a5 33.axb4 axb4 34.Rfe1 Bb7 35.Kh2 Nf6 36.Bb2 Rh6 37.Nd3 c5
38.Bxf6 gxf6 39.Nf4 Rh8 40.Bf3 Be7 41.Ra1 Kh7 42.Ra7 Rb8 43.Bg2 Rhe8 44.Rd1 Kh6
45.e5 Bxg2 46.exd6 Bf3 47.Rd3 Be4 48.dxe7 Bxd3 49.cxd3 Kg5 50.Kg3 Kxf5 51.Rd7 Kg5
52.h4+ Kh6 53.Kg4 Rb6 54.Kf5 Ra6 55.Nd5 Rc6 56.Nxf6 Rh8 57.Rd8 Kg7 58.Rxh8 Rxf6+
59.Kg5  1-0

[Event "18th European Teams w"]
[Site "Porto Carras GRE"]
[Date "2011.11.03"]
[Round "1.12.1"]
[White "Daulyte,D"]
[Black "Milliet,S"]
[Result "0-1"]
[WhiteElo "2238"]
[BlackElo "2386"]

1.e4 d6 2.d4 Nf6 3.Nc3 e5 4.Nf3 Nbd7 5.g4 Nxg4 6.Rg1 Ngf6 7.Bc4 h6 8.Be3 c6
9.dxe5 dxe5 10.Qd3 b5 11.Bxf7+ Kxf7 12.Nxe5+ Nxe5 13.Qxd8 Nf3+ 14.Kd1 Nxg1
15.Kc1 Nf3 16.Qc7+ Bd7 17.Qf4 b4 18.Na4 Ng1 19.Kd2 Nh3 20.Qf3 Re8 21.Bxa7 Ng5
22.Qd3 Ngxe4+ 23.Kc1 c5 24.Nb6 Nxf2 25.Qf1 Bg4 26.Qxf2 Re2 27.Qg3 Be7 28.Nd5 Nxd5
29.Qxg4 Bg5+ 30.Kd1 Rd2+  0-1

[Event "15th OIBM"]
[Site "Bad Wiessee GER"]
[Date "2011.11.04"]
[Round "7.33"]
[White "Michalczak,T"]
[Black "Zenker,U"]
[Result "0-1"]
[WhiteElo "2316"]
[BlackElo "2202"]

1.e4 d6 2.d4 Nf6 3.Nc3 e5 4.Nf3 Nbd7 5.Bc4 Be7 6.O-O O-O 7.Re1 a6 8.a4 b6
9.h3 c6 10.Ba2 Bb7 11.dxe5 dxe5 12.Nh4 Nc5 13.Nf5 Bc8 14.Qf3 Bxf5 15.Qxf5 Qc7
16.Bg5 g6 17.Qf3 Nh5 18.Bh6 Ng7 19.Rad1 b5 20.axb5 axb5 21.Ra1 Kh8 22.Nd1 Nce6
23.Ne3 Bg5 24.Bxe6 Rxa1 25.Bxg7+ Kxg7 26.Rxa1 fxe6 27.Qe2 Qb6 28.Nf1 h5 29.Rd1 Qc5
30.Rd7+ Kh6 31.g3 Rd8 32.Rxd8 Bxd8 33.c3 Bb6 34.Qd2+ Kg7 35.Qd7+ Kf6 36.Ne3 b4
37.h4 bxc3 38.g4 Qe7 39.g5+ Kf7 40.Qxe7+ Kxe7  0-1